[Event "RUS-chT blitz"]
[Site "Sochi"]
[Date "2018.10.10"]
[Round "12.9"]
[White "Ponomarenko, Alexandr"]
[Black "Rozhko, Dmitry"]
[Result "1-0"]
[WhiteElo "2231"]
[BlackElo "2305"]
[PlyCount "48"]
[EventDate "2018.10.10"]
[EventType "team-swiss (blitz)"]
[EventRounds "15"]
[EventCountry "RUS"]
[SourceTitle "CBM 186 Extra"]
[Source "ChessBase"]
[SourceDate "2018.08.24"]
[SourceVersion "1"]
[SourceVersionDate "2018.08.24"]
[SourceQuality "1"]
[WhiteTeam "Moscow MGU Lawyers"]
[BlackTeam "Stavropol Region"]
[WhiteTeamCountry "RUS"]
[BlackTeamCountry "RUS"]

1. e4 c6 2. d4 d5 3. Nd2 dxe4 4. Nxe4 Bf5 5. Ng3 Bg6 6. h4 h6 7. h5 Bh7 8. Nf3 Nd7 9. Bd3 Bxd3 10. Qxd3 e6 11. Bd2 Ngf6 12. 0-0-0 Bd6 13. Ne4 Nxe4 14. Qxe4 Nf6 15. Qe2 Qc7 16. Kb1 Bf4 17. Be3 Bxe3 18. fxe3 0-0-0 19. Ne5 Rhf8 20. g4 Nd7 21. Nd3 e5 22. Qg2 exd4 23. exd4 Qd6 24. c3 Nb6 1-0

[Event "RUS-chT blitz"]
[Site "Sochi"]
[Date "2018.10.10"]
[Round "3.8"]
[White "Triapishko, Alexandr"]
[Black "Ponomarenko, Alexandr"]
[Result "1-0"]
[WhiteElo "2508"]
[BlackElo "2231"]
[PlyCount "67"]
[EventDate "2018.10.10"]
[EventType "team-swiss (blitz)"]
[EventRounds "15"]
[EventCountry "RUS"]
[SourceTitle "CBM 186 Extra"]
[Source "ChessBase"]
[SourceDate "2018.08.24"]
[SourceVersion "1"]
[SourceVersionDate "2018.08.24"]
[SourceQuality "1"]
[WhiteTeam "Krym Nash"]
[BlackTeam "Moscow MGU Lawyers"]
[WhiteTeamCountry "RUS"]
[BlackTeamCountry "RUS"]

1. e4 c5 2. Nf3 Nc6 3. Nc3 Nf6 4. g3 d6 5. Bg2 g6 6. 0-0 Bg7 7. d3 0-0 8. h3 a6 9. Be3 Rb8 10. e5 Ne8 11. exd6 exd6 12. d4 c4 13. Nd2 Nxd4 14. Nxc4 Ne6 15. Ba7 Ra8 16. Bb6 N6c7 17. Nd5 Be6 18. Nxc7 Nxc7 19. Nxd6 Qd7 20. Nxb7 Qxd1 21. Raxd1 Nb5 22. Nc5 Rab8 23. Nxe6 fxe6 24. Bc5 Rfc8 25. b4 Nc3 26. Rd6 Nxa2 27. Be4 Nxb4 28. Ba7 Rb5 29. Rxe6 Nxc2 30. Rc1 Rc7 31. Bb6 Rc4 32. Bd3 Rd4 33. Bxb5 axb5 34. Rxc2 1-0

[Event "RUS-chT2"]
[Site "Sochi"]
[Date "2017.05.04"]
[Round "4.8"]
[White "Ponomarenko, Alexandr"]
[Black "Gusarov, Grigory"]
[Result "0-1"]
[WhiteElo "2240"]
[BlackElo "2320"]
[PlyCount "78"]
[EventDate "2017.05.01"]
[EventType "team-swiss"]
[EventRounds "9"]
[EventCountry "RUS"]
[SourceTitle "CBM 178 Extra"]
[Source "ChessBase"]
[SourceDate "2017.06.22"]
[SourceVersion "1"]
[SourceVersionDate "2017.06.22"]
[SourceQuality "1"]
[WhiteTeam "Moscow State Univ Law"]
[BlackTeam "Nizhny Tagil Politekhnik"]
[WhiteTeamCountry "RUS"]
[BlackTeamCountry "RUS"]

1. e4 e5 2. Nf3 Nc6 3. Bb5 Nge7 4. 0-0 g6 5. c3 a6 6. Bc4 Bg7 7. d4 exd4 8. cxd4 b5 9. Bb3 d6 10. h3 0-0 11. a3 Na5 12. Bc2 c5 13. Nc3 cxd4 14. Nxd4 Bb7 15. Bg5 h6 16. Bf4 d5 17. Be3 Nc4 18. Rb1 Rc8 19. Nde2 Nxe3 20. fxe3 dxe4 21. Bxe4 Bxe4 22. Nxe4 Qb6 23. Rf3 Nf5 24. Qb3 Rce8 25. Qd3 Re7 26. N2g3 Nxe3 27. Kh1 Nc4 28. Qc2 Rfe8 29. Rbf1 f5 30. Nc3 Ne3 31. Qb3+ Qe6 32. Qxe6+ Rxe6 33. R1f2 Nc4 34. Nf1 Re1 35. Rd3 Nxb2 36. Rxb2 Rxf1+ 37. Kh2 Rc1 38. Rb3 Be5+ 39. g3 Bxc3 0-1

[Event "RUS-chT blitz"]
[Site "Sochi"]
[Date "2016.10.07"]
[Round "12.5"]
[White "Ponomarenko, Alexandr"]
[Black "Alekseev, Evgeny V"]
[Result "0-1"]
[WhiteElo "2240"]
[BlackElo "2636"]
[PlyCount "112"]
[EventDate "2016.10.07"]
[EventType "team-swiss (blitz)"]
[EventRounds "15"]
[EventCountry "RUS"]
[SourceTitle "EXT 2017"]
[Source "ChessBase"]
[SourceDate "2016.10.25"]
[SourceVersion "1"]
[SourceVersionDate "2016.10.25"]
[SourceQuality "1"]
[WhiteTeam "Moscow State Univ Law"]
[BlackTeam "St Petersburg SDYUSSHOR"]
[WhiteTeamCountry "RUS"]
[BlackTeamCountry "RUS"]

1. e4 c5 2. Nf3 Nc6 3. d4 cxd4 4. Nxd4 e6 5. Be3 Nf6 6. Bd3 d5 7. exd5 Nxd5 8. Nxc6 bxc6 9. Bd2 Bd6 10. Nc3 0-0 11. Ne4 Bc7 12. 0-0 f5 13. Ng5 e5 14. c4 Nb6 15. Be2 h6 16. Nf3 e4 17. Ne1 Be6 18. Qc2 Qf6 19. Bc3 Qg6 20. f4 Rad8 21. b3 Bd6 22. g3 Bc5+ 23. Kh1 Bd4 24. Ng2 c5 25. Rad1 Qf6 26. Ba5 Rd7 27. Bd2 Rfd8 28. Be3 Nc8 29. a3 a5 30. Kg1 Ne7 31. Kh1 Nc6 32. Qd2 Rb8 33. Qc2 Bxe3 34. Nxe3 Nd4 35. Qa2 Rxb3 36. Rxd4 Rxe3 37. Rxd7 Bxd7 38. Qd2 Qd4 39. Rd1 Be6 40. Bf1 Qxd2 41. Rxd2 Rxa3 42. Rd6 Kf7 43. Rc6 Ra1 44. Kg2 a4 45. Rxc5 a3 46. Ra5 Ke7 47. Kf2 a2 48. Ra7+ Kd6 49. Ra5 Kc6 50. Be2 Kb6 51. Ra8 Kc5 52. Ke3 Kb4 53. Rb8+ Kc3 54. Ra8 Bxc4 55. Rc8 Re1 56. Rxc4+ Kb3 0-1

[Event "RUS-chT2"]
[Site "Sochi"]
[Date "2016.05.10"]
[Round "9.11"]
[White "Taysayev, Timur"]
[Black "Ponomarenko, Alexandr"]
[Result "1-0"]
[WhiteElo "2231"]
[BlackElo "2240"]
[PlyCount "83"]
[EventDate "2016.05.01"]
[EventType "team-swiss"]
[EventRounds "9"]
[EventCountry "RUS"]
[SourceTitle "EXT 2018"]
[Source "ChessBase"]
[SourceDate "2017.10.13"]
[SourceVersion "1"]
[SourceVersionDate "2017.10.13"]
[SourceQuality "1"]
[WhiteTeam "Vladikavkaz Alanya"]
[BlackTeam "Moscow Law Faculty"]
[WhiteTeamCountry "RUS"]
[BlackTeamCountry "RUS"]

1. e4 e5 2. Nf3 Nc6 3. Bb5 a6 4. Ba4 Nf6 5. 0-0 Be7 6. Re1 0-0 7. Bxc6 dxc6 8. Nxe5 c5 9. d3 h6 10. Nd2 Nd7 11. Ndc4 Bf6 12. Ng4 Be7 13. Nxh6+ gxh6 14. Bxh6 Nf6 15. Bxf8 Bxf8 16. Re3 Bg7 17. Rg3 Be6 18. Qf3 Kf8 19. Re1 a5 20. a4 Qe7 21. e5 Nd5 22. Qe4 Ra6 23. f4 f5 24. exf6 Qxf6 25. Ne5 Qf5 26. Qf3 Rb6 27. Rg5 Qf6 28. Qxd5 Bxd5 29. Nd7+ Kf7 30. Nxf6 Bc6 31. Nd5 Bd4+ 32. Kf1 Bxd5 33. Rxd5 Rxb2 34. Rd7+ Kf6 35. g4 Rxc2 36. Re2 Rc1+ 37. Kg2 Rd1 38. h4 Rxd3 39. f5 Re3 40. Rxe3 Bxe3 41. Kf3 Bd4 42. Ke4 1-0

[Event "RUS-chT2"]
[Site "Sochi"]
[Date "2016.05.09"]
[Round "8.10"]
[White "Bezgodov, Alexei"]
[Black "Ponomarenko, Alexandr"]
[Result "1/2-1/2"]
[WhiteElo "2512"]
[BlackElo "2240"]
[PlyCount "81"]
[EventDate "2016.05.01"]
[EventType "team-swiss"]
[EventRounds "9"]
[EventCountry "RUS"]
[SourceTitle "EXT 2018"]
[Source "ChessBase"]
[SourceDate "2017.10.13"]
[SourceVersion "1"]
[SourceVersionDate "2017.10.13"]
[SourceQuality "1"]
[WhiteTeam "Nizhny Tagil Politekhnik"]
[BlackTeam "Moscow Law Faculty"]
[WhiteTeamCountry "RUS"]
[BlackTeamCountry "RUS"]

1. Nf3 d5 2. d4 Nf6 3. c4 e6 4. g3 Be7 5. Bg2 0-0 6. 0-0 dxc4 7. Qc2 a6 8. a4 Bd7 9. Qxc4 Bc6 10. Bg5 Nbd7 11. Nc3 h6 12. Bxf6 Nxf6 13. Ne5 Bxg2 14. Kxg2 Qd6 15. Rfd1 c5 16. Qxc5 Qxc5 17. dxc5 Bxc5 18. Nd7 Nxd7 19. Rxd7 Rab8 20. Ne4 Bb4 21. Rc1 b5 22. axb5 Rxb5 23. g4 Rbb8 24. h4 Rfd8 25. Ra7 Ra8 26. Rcc7 Rxa7 27. Rxa7 a5 28. g5 Rd4 29. Kf3 hxg5 30. Nxg5 Rxh4 31. Nxf7 Rh5 32. Kg4 Rf5 33. Ng5 Rxf2 34. Ra8+ Rf8 35. Ra7 Rf2 36. Ra8+ Rf8 37. Ra7 Rf2 38. Ra8+ Rf8 39. Ra7 Rf2 40. Ra8+ Rf8 41. Ra7 1/2-1/2

[Event "RUS-chT2"]
[Site "Sochi"]
[Date "2015.05.02"]
[Round "2.10"]
[White "Ponomarenko, Alexandr"]
[Black "Golubov, Saveliy"]
[Result "0-1"]
[WhiteElo "2234"]
[BlackElo "2405"]
[PlyCount "82"]
[EventDate "2015.05.01"]
[EventType "team-swiss"]
[EventRounds "7"]
[EventCountry "RUS"]
[SourceTitle "CBM 166 Extra"]
[Source "ChessBase"]
[SourceDate "2015.06.18"]
[SourceVersion "1"]
[SourceVersionDate "2015.06.18"]
[SourceQuality "1"]
[WhiteTeam "Moscow Law Faculty"]
[BlackTeam "Belgorod Rakita"]
[WhiteTeamCountry "RUS"]
[BlackTeamCountry "RUS"]

1. e4 c5 2. Nf3 e6 3. c3 Nf6 4. d3 Nc6 5. Be2 d5 6. Nbd2 Be7 7. 0-0 0-0 8. Re1 b5 9. exd5 exd5 10. d4 Qb6 11. Nf1 Ne4 12. Be3 c4 13. Ng3 f5 14. Nxe4 fxe4 15. Ne5 Bd6 16. Bg4 Qc7 17. f4 Bxe5 18. dxe5 Ne7 19. Bxc8 Raxc8 20. Qe2 a5 21. a3 Qd7 22. Rad1 Qe6 23. Rd2 g5 24. fxg5 Qxe5 25. Qg4 Rf5 26. Bd4 Qe6 27. h3 Rc6 28. Qg3 Qd6 29. Qxd6 Rxd6 30. Bc5 Re6 31. Bxe7 Rxe7 32. h4 Kg7 33. Rf2 Ref7 34. Ref1 Rxf2 35. Rxf2 Rxf2 36. Kxf2 d4 37. cxd4 b4 38. axb4 axb4 39. d5 c3 40. bxc3 b3 41. d6 Kf8 0-1

[Event "RUS-chT2"]
[Site "Sochi"]
[Date "2015.05.01"]
[Round "1.10"]
[White "Sychev, Klementy"]
[Black "Ponomarenko, Alexandr"]
[Result "1-0"]
[WhiteElo "2425"]
[BlackElo "2234"]
[PlyCount "109"]
[EventDate "2015.05.01"]
[EventType "team-swiss"]
[EventRounds "7"]
[EventCountry "RUS"]
[SourceTitle "CBM 166 Extra"]
[Source "ChessBase"]
[SourceDate "2015.06.18"]
[SourceVersion "1"]
[SourceVersionDate "2015.06.18"]
[SourceQuality "1"]
[WhiteTeam "Moscow Academy"]
[BlackTeam "Moscow Law Faculty"]
[WhiteTeamCountry "RUS"]
[BlackTeamCountry "RUS"]

1. d4 Nf6 2. c4 e6 3. Nf3 d5 4. Nc3 Be7 5. Bf4 c6 6. e3 Nbd7 7. h3 0-0 8. Qc2 Qa5 9. Nd2 Re8 10. Be2 Bf8 11. 0-0 a6 12. a3 Qd8 13. Rfd1 Qe7 14. Rac1 h6 15. Bg3 g6 16. e4 dxe4 17. Ndxe4 Nxe4 18. Nxe4 Nf6 19. Bd6 Qd8 20. Bc7 Qe7 21. Bd6 Qd8 22. Nxf6+ Qxf6 23. Be5 Qe7 24. Bf3 Bd7 25. Qb3 Bc8 26. Re1 Qd8 27. Rcd1 Bg7 28. Qc3 f6 29. Bg3 Qd7 30. Be4 Kh7 31. h4 Qf7 32. h5 f5 33. hxg6+ Qxg6 34. Bf3 c5 35. Be5 cxd4 36. Qxd4 Re7 37. Qc5 Rf7 38. Rd8 Bxe5 39. Qxe5 Qg7 40. Qxg7+ Kxg7 41. b3 Rf8 42. Red1 e5 43. Bxb7 Bxb7 44. R8d7+ Kg6 45. R1d6+ Kg5 46. Rxb7 Rad8 47. Rg7+ Kh5 48. Rgg6 Rxd6 49. Rxd6 Rb8 50. b4 Rc8 51. c5 a5 52. c6 axb4 53. axb4 Rb8 54. c7 Rc8 55. Rc6 1-0

[Event "Reykjavik op"]
[Site "Reykjavik"]
[Date "2014.03.08"]
[Round "6"]
[White "Shoker, Samy"]
[Black "Ponomarenko, Alexandr"]
[Result "1-0"]
[WhiteElo "2466"]
[BlackElo "2274"]
[PlyCount "69"]
[EventDate "2014.03.04"]
[EventType "swiss"]
[EventRounds "10"]
[EventCountry "ISL"]
[SourceTitle "CBM 159 Extra"]
[Source "ChessBase"]
[SourceDate "2014.04.24"]
[SourceVersion "1"]
[SourceVersionDate "2014.04.24"]
[SourceQuality "1"]

1. c4 Nf6 2. g3 e6 3. Bg2 d5 4. Nf3 Be7 5. 0-0 0-0 6. b3 c5 7. Bb2 d4 8. e3 Nc6 9. exd4 cxd4 10. Re1 Bc5 11. Ne5 Nxe5 12. Rxe5 Qe7 13. Rxc5 Qxc5 14. Ba3 Qc7 15. Bxf8 Kxf8 16. d3 e5 17. Nd2 Bd7 18. Ne4 Nxe4 19. Bxe4 Bc6 20. Qf3 Re8 21. Re1 a5 22. Bxc6 Qxc6 23. Qh5 Qg6 24. Rxe5 Qxd3 25. Rxe8+ Kxe8 26. Qb5+ Kf8 27. Qc5+ Ke8 28. Qc8+ Ke7 29. Qxb7+ Kf6 30. Qc6+ Ke7 31. Qc5+ Kf6 32. Qd6+ Kg5 33. Qd5+ Kf6 34. Kg2 g6 35. Qf3+ 1-0

[Event "UKR-ch U18"]
[Site "Kiev"]
[Date "2010.01.30"]
[Round "7"]
[White "Ponomarenko, Alexandr"]
[Black "Danilenko, Dmitriy"]
[Result "0-1"]
[WhiteElo "2073"]
[BlackElo "2290"]
[PlyCount "54"]
[EventDate "2010.01.26"]
[EventType "swiss"]
[EventRounds "11"]
[EventCountry "UKR"]
[SourceTitle "CBM 134 Extra"]
[Source "ChessBase"]
[SourceDate "2010.03.03"]
[SourceVersion "1"]
[SourceVersionDate "2010.03.03"]
[SourceQuality "1"]

1. e4 c5 2. Nf3 d6 3. d4 Nf6 4. Nc3 cxd4 5. Nxd4 a6 6. Bg5 Nbd7 7. f4 h6 8. Bh4 Qb6 9. Qd2 e5 10. Nb3 exf4 11. Bf2 Qc7 12. 0-0-0 Ne5 13. Qxf4 Be7 14. Kb1 b5 15. Nd4 b4 16. Nd5 Nxd5 17. exd5 0-0 18. Nf5 Bg5 19. Qe4 g6 20. Ne3 f5 21. Qxb4 Rb8 22. Qa3 f4 23. Nc4 Nxc4 24. Qc3 Rxb2+ 25. Ka1 Bf5 26. Qxc4 Qxc4 27. Bxc4 Rxc2 0-1

[Event "UKR-ch U18"]
[Site "Kiev"]
[Date "2010.01.29"]
[Round "5"]
[White "Ponomarenko, Alexandr"]
[Black "Megur, Vladislav"]
[Result "0-1"]
[WhiteElo "2073"]
[BlackElo "2101"]
[PlyCount "128"]
[EventDate "2010.01.26"]
[EventType "swiss"]
[EventRounds "11"]
[EventCountry "UKR"]
[SourceTitle "CBM 134 Extra"]
[Source "ChessBase"]
[SourceDate "2010.03.03"]
[SourceVersion "1"]
[SourceVersionDate "2010.03.03"]
[SourceQuality "1"]

1. e4 d6 2. d4 g6 3. Nc3 Bg7 4. Nf3 a6 5. Be2 Nd7 6. 0-0 e6 7. Bg5 Ne7 8. Qd2 h6 9. Be3 b6 10. Ne1 Bb7 11. d5 e5 12. f4 exf4 13. Bxf4 Ne5 14. Nf3 Qd7 15. Nd1 f5 16. exf5 Nxf5 17. Ne3 0-0-0 18. Nxf5 gxf5 19. Nd4 Ng6 20. Ne6 Rdg8 21. c4 Kb8 22. Bd3 Nxf4 23. Rxf4 Be5 24. Rxf5 Qe7 25. Qf2 Qe8 26. Rf7 Rxg2+ 27. Kxg2 Qxe6 28. Rf8+ Ka7 29. Rxh8 Bxh8 30. Bf5 Qe7 31. Rf1 Be5 32. b4 Qg7+ 33. Kh1 Bc3 34. Bh3 Bxb4 35. Qf7 Qxf7 36. Rxf7 b5 37. Be6 Kb6 38. cxb5 axb5 39. Kg2 Bd2 40. Kf3 b4 41. Ke4 Ba6 42. Rf2 Bc3 43. Bg4 Bc4 44. Bd1 c6 45. dxc6 Kxc6 46. Bb3 d5+ 47. Kf5 Kc5 48. Ba4 d4 49. Bb3 d3 50. Bxc4 Kxc4 51. Ke4 d2 52. Rf1 Bf6 53. Ke3 Kc3 54. Ke2 Kc2 55. Rd1 Bg5 56. h4 Bf4 57. h5 Bg5 58. Rg1 Bh4 59. Rd1 Be1 60. Ra1 Kb2 61. Rd1 Kxa2 62. Ke3 Kb3 63. Kd3 Kb2 64. Ke3 Kc2 0-1

[Event "UKR-ch U18"]
[Site "Kiev"]
[Date "2010.01.27"]
[Round "3"]
[White "Ponomarenko, Alexandr"]
[Black "Sivuk, Vitaly"]
[Result "0-1"]
[WhiteElo "2073"]
[BlackElo "2346"]
[PlyCount "72"]
[EventDate "2010.01.26"]
[EventType "swiss"]
[EventRounds "11"]
[EventCountry "UKR"]
[SourceTitle "CBM 134 Extra"]
[Source "ChessBase"]
[SourceDate "2010.03.03"]
[SourceVersion "1"]
[SourceVersionDate "2010.03.03"]
[SourceQuality "1"]

1. e4 c5 2. Nf3 d6 3. d4 cxd4 4. Nxd4 Nf6 5. Nc3 Nc6 6. f3 g6 7. Be3 Bg7 8. Qd2 0-0 9. Bc4 Bd7 10. Nxc6 Bxc6 11. h4 b5 12. Bb3 b4 13. Ne2 a5 14. h5 a4 15. Bc4 d5 16. exd5 Bxd5 17. Bd3 Nxh5 18. Rxh5 gxh5 19. Bh6 e6 20. Bg5 Qc7 21. Bf4 Qe7 22. Bg5 f6 23. Be3 f5 24. Bg5 Qf7 25. c4 bxc3 26. bxc3 Rab8 27. Rc1 a3 28. Nf4 Rb2 29. Rc2 Rxc2 30. Qxc2 Qc7 31. Nxd5 Qg3+ 32. Kf1 Qxg5 33. Nb6 Rd8 34. Nc4 h4 35. Be2 h3 36. gxh3 Bf8 0-1

[Event "Wch U16"]
[Site "Kemer"]
[Date "2009.11.16"]
[Round "7"]
[White "Linden, Lari"]
[Black "Ponomarenko, Alexandr"]
[Result "1/2-1/2"]
[WhiteElo "1864"]
[BlackElo "2073"]
[PlyCount "191"]
[EventDate "2009.11.12"]
[EventType "swiss"]
[EventRounds "11"]
[EventCountry "TUR"]
[SourceTitle "EXT 2010"]
[Source "ChessBase"]
[SourceDate "2010.11.25"]
[SourceVersion "1"]
[SourceVersionDate "2010.11.25"]
[SourceQuality "1"]

1. d4 Nf6 2. c4 e6 3. Nf3 Bb4+ 4. Bd2 a5 5. g3 0-0 6. Bg2 d5 7. Qc2 Nc6 8. a3 Be7 9. 0-0 Ne4 10. Rd1 a4 11. e3 f6 12. Nc3 Nxc3 13. Bxc3 Qe8 14. Nd2 Qf7 15. Rac1 Nd8 16. f4 Bd7 17. c5 Bb5 18. Bf1 Bxf1 19. Rxf1 Nc6 20. Nf3 Rfb8 21. Rf2 Qe8 22. Bb4 Qd7 23. Kg2 Ra6 24. Qc3 Na7 25. Rfc2 Qb5 26. Kf2 Qe8 27. Nd2 Qg6 28. Nf3 Nc6 29. Qd2 Nd8 30. Qe2 Nc6 31. Qd2 Qe8 32. Ne1 Bf8 33. Nd3 Qf7 34. Kg2 Re8 35. Rf1 Raa8 36. Qc3 Qg6 37. Rcf2 Rad8 38. Rf3 h5 39. h4 Ne7 40. Qd2 Nf5 41. Kh2 Qf7 42. Qc2 Qd7 43. c6 Qxc6 44. Qxc6 bxc6 45. Bxf8 Kxf8 46. Rc1 Rb8 47. Nb4 Rb6 48. Rxc6 Rxc6 49. Nxc6 Nd6 50. Rf2 Ra8 51. Kg2 Ke8 52. Kf3 Kd7 53. Nb4 Nc4 54. Rc2 Ra5 55. Nd3 e5 56. fxe5 fxe5 57. Nxe5+ Nxe5+ 58. dxe5 c5 59. Kf4 Kc6 60. e4 d4 61. Rc4 g6 62. Rc1 Rb5 63. Rc4 Ra5 64. Rc1 Kd7 65. Kg5 Rb5 66. Kf6 Rb6+ 67. Kf7 Rc6 68. e6+ Rxe6 69. Rxc5 Rxe4 70. Ra5 Rg4 71. Ra7+ Kc6 72. Rxa4 d3 73. Ra8 Rd4 74. Rc8+ Kd5 75. Rc1 Rg4 76. b4 Rxg3 77. b5 d2 78. Rd1 Rg2 79. b6 Kc6 80. Rb1 Kb7 81. a4 Re2 82. Rd1 Kxb6 83. Kxg6 Kc5 84. Kxh5 Rg2 85. Kh6 Kc4 86. h5 Kd3 87. Kh7 Kc2 88. Rxd2+ Kxd2 89. a5 Rg5 90. h6 Ke3 91. a6 Ke4 92. a7 Ra5 93. Kg6 Ra6+ 94. Kg7 Rxa7+ 95. Kg6 Ra6+ 96. Kg7 1/2-1/2

[Event "Ilichevsk Sunny Pawn op"]
[Site "Ilichevsk"]
[Date "2008.07.30"]
[Round "10"]
[White "Zhecheva, Oksana"]
[Black "Ponomarenko, Alexandr"]
[Result "1/2-1/2"]
[WhiteElo "2256"]
[BlackElo "2022"]
[PlyCount "122"]
[EventDate "2008.07.20"]
[EventType "swiss"]
[EventRounds "10"]
[EventCountry "UKR"]
[SourceTitle "CBM 125 Extra"]
[Source "ChessBase"]
[SourceDate "2008.09.01"]
[SourceVersion "1"]
[SourceVersionDate "2008.09.01"]
[SourceQuality "1"]

1. d4 Nf6 2. c4 e6 3. Nf3 b6 4. g3 d5 5. Bg2 Bb7 6. 0-0 c6 7. Nbd2 Be7 8. b3 0-0 9. Bb2 Nbd7 10. cxd5 cxd5 11. Rc1 Ne4 12. Ne5 Nxe5 13. dxe5 Nxd2 14. Qxd2 a5 15. Rc2 Rc8 16. Rfc1 Rxc2 17. Rxc2 f6 18. exf6 Bxf6 19. Ba3 Re8 20. Qc1 Be5 21. Qe3 Qf6 22. Qf3 Qg6 23. Rc1 b5 24. b4 a4 25. h4 Rf8 26. Qd3 Qf6 27. f4 Bd4+ 28. e3 Bb6 29. Rc2 Qf5 30. Qxf5 Bxe3+ 31. Kf1 exf5 32. Bc1 Bb6 33. Rd2 Rd8 34. Bb2 Kf7 35. Be5 g6 36. a3 h6 37. Bf3 Rd7 38. Be2 Be3 39. Rc2 d4 40. Bxb5 Be4 41. Bxd7 Bxc2 42. Ke2 Bc1 43. Bxd4 Bxa3 44. b5 Bd6 45. b6 a3 46. Bc6 Ke6 47. b7 Be4 48. Bxe4 fxe4 49. Bc5 a2 50. Bxd6 a1Q 51. b8Q Qa6+ 52. Kf2 Qxd6 53. Qxd6+ Kxd6 54. Ke3 Kd5 55. g4 g5 56. fxg5 hxg5 57. h5 Ke5 58. h6 Kf6 59. h7 Kg7 60. Kxe4 Kxh7 61. Kf5 Kg8 1/2-1/2

[Event "Ilichevsk Sunny Pawn op"]
[Site "Ilichevsk"]
[Date "2008.07.22"]
[Round "3"]
[White "Ponomarenko, Alexandr"]
[Black "Halamay, Pavlo"]
[Result "1-0"]
[WhiteElo "2022"]
[BlackElo "1692"]
[PlyCount "69"]
[EventDate "2008.07.20"]
[EventType "swiss"]
[EventRounds "10"]
[EventCountry "UKR"]
[SourceTitle "CBM 125 Extra"]
[Source "ChessBase"]
[SourceDate "2008.09.01"]
[SourceVersion "1"]
[SourceVersionDate "2008.09.01"]
[SourceQuality "1"]

1. e4 c5 2. c3 Nc6 3. d4 cxd4 4. cxd4 d5 5. exd5 Qxd5 6. Nf3 e6 7. Nc3 Bb4 8. Be2 Nf6 9. 0-0 Qd8 10. a3 Bd6 11. b4 a6 12. Bb2 0-0 13. Re1 Bc7 14. Bf1 Bb6 15. Na4 Bc7 16. Nc3 Bb6 17. Na4 Bc7 18. Qb3 Nd5 19. Rad1 h5 20. Nc3 h4 21. Bc4 Nce7 22. Nxh4 b5 23. Bf1 Bb7 24. g3 g5 25. Ng2 Kg7 26. Ne4 Nf5 27. Bc1 Rh8 28. Bxg5 Qg8 29. Nc5 Bc6 30. Qc2 Nfe7 31. Bxe7 Nxe7 32. d5 Rxh2 33. Kxh2 Qh8+ 34. Kg1 Nf5 35. Qc3+ 1-0

[Event "UKR-ch sf U16"]
[Site "Kherson"]
[Date "2007.11.24"]
[Round "9"]
[White "Petrushin, Alexander"]
[Black "Ponomarenko, Alexandr"]
[Result "1-0"]
[WhiteElo "2025"]
[BlackElo "2008"]
[PlyCount "81"]
[EventDate "2007.11.16"]
[EventType "swiss"]
[EventRounds "9"]
[EventCountry "UKR"]
[SourceTitle "EXT 2023"]
[Source "ChessBase"]
[SourceDate "2022.10.05"]
[SourceVersion "1"]
[SourceVersionDate "2022.10.05"]
[SourceQuality "1"]

1. Nf3 c5 2. c4 Nc6 3. b3 e5 4. Bb2 d6 5. Nc3 g6 6. g3 Bg7 7. d3 Nge7 8. Bg2 0-0 9. 0-0 h6 10. Nd2 Be6 11. e4 Nb4 12. Ndb1 Qd7 13. a3 Nbc6 14. Nd5 Bxd5 15. cxd5 Nd4 16. a4 a6 17. Ba3 b5 18. b4 cxb4 19. Bxb4 a5 20. Bc3 b4 21. Bxd4 exd4 22. Nd2 Rfb8 23. Qb3 h5 24. Nc4 Nc8 25. f4 Nb6 26. Ra2 Nxc4 27. dxc4 Ra7 28. Kh1 f5 29. Re1 fxe4 30. Rxe4 Re8 31. Re6 Rxe6 32. dxe6 Qe7 33. Bd5 Kh8 34. Rf2 Qf6 35. f5 gxf5 36. Qd3 Qg5 37. Rxf5 Qe3 38. Rxh5+ Bh6 39. Qg6 Rh7 40. Qf6+ Bg7 41. Qd8+ 1-0

[Event "UKR-ch sf U16"]
[Site "Kherson"]
[Date "2007.11.18"]
[Round "3"]
[White "Bazhan, Vitaliy"]
[Black "Ponomarenko, Alexandr"]
[Result "1-0"]
[WhiteElo "1920"]
[BlackElo "2008"]
[PlyCount "61"]
[EventDate "2007.11.16"]
[EventType "swiss"]
[EventRounds "9"]
[EventCountry "UKR"]
[SourceTitle "EXT 2023"]
[Source "ChessBase"]
[SourceDate "2022.10.05"]
[SourceVersion "1"]
[SourceVersionDate "2022.10.05"]
[SourceQuality "1"]

1. e4 c5 2. Nc3 d6 3. f4 Nc6 4. Nf3 e6 5. g3 a6 6. Bg2 Rb8 7. 0-0 Nge7 8. d3 Nd4 9. Ne2 Nec6 10. c3 Nxf3+ 11. Rxf3 b5 12. Be3 Be7 13. Qd2 d5 14. exd5 exd5 15. d4 c4 16. f5 b4 17. g4 0-0 18. Nf4 bxc3 19. bxc3 Na7 20. Rh3 Bb7 21. Qc2 Ba3 22. f6 g6 23. g5 Bc8 24. Rh6 Rb2 25. Qd1 Rb5 26. Qe1 Qe8 27. Rxh7 Qxe3+ 28. Qxe3 Kxh7 29. Bxd5 Bd6 30. Qg3 Rxd5 31. Qh4+ 1-0

[Event "Ilichevsk Sunny Pawn op"]
[Site "Ilichevsk"]
[Date "2007.07.28"]
[Round "8"]
[White "Ponomarenko, Alexandr"]
[Black "Maksimova, Ksenia"]
[Result "1-0"]
[WhiteElo "1993"]
[BlackElo "1888"]
[PlyCount "57"]
[EventDate "2007.07.20"]
[EventType "swiss"]
[EventRounds "11"]
[EventCountry "UKR"]
[SourceTitle "CBM 119 Extra"]
[Source "ChessBase"]
[SourceDate "2007.09.04"]
[SourceVersion "1"]
[SourceVersionDate "2007.09.04"]
[SourceQuality "1"]

1. e4 c5 2. Nf3 d6 3. d4 cxd4 4. Nxd4 Nf6 5. Nc3 a6 6. Bg5 e6 7. Qd2 Be7 8. f4 Nbd7 9. 0-0-0 b5 10. Nc6 Qc7 11. Nxe7 Kxe7 12. f5 Bb7 13. Bf4 e5 14. Bg5 Nc5 15. Bxf6+ gxf6 16. Nd5+ Bxd5 17. Qxd5 Rac8 18. Bd3 Qb6 19. Be2 Rhg8 20. Bh5 Rgf8 21. Rhf1 Nb7 22. Rf3 Rc5 23. Qd3 Rfc8 24. Rf2 Rc4 25. Rfd2 Qa5 26. Qd5 Nd8 27. Qxd6+ Ke8 28. Qxf6 Qc7 29. Rxd8+ 1-0